| 000 | 00949nas a2200301 4500 | ||
|---|---|---|---|
| 001 | BR2019000189 | ||
| 003 | BR-BrBNA | ||
| 005 | 20231205131543.0 | ||
| 007 | ta | ||
| 008 | 230509b bl.|||p| |||| 00| 00por d | ||
| 040 |
_aBR-BrBNA _bpor _cBiblioteca Nacional de Agricultura |
||
| 041 | _a(En) | ||
| 072 | _aF30 | ||
| 100 | 1 | _aMaciel, G.M. | |
| 100 | 1 | _aFinzi, R.R. | |
| 100 | 1 | _aCarvalho, F.J. | |
| 100 | 1 | _aMarquez, G.R. | |
| 100 | 1 | _aClemente, A.A. | |
| 245 | 1 | _aAgronomic performance and genetic dissimilarity among cherry tomato genotypes | |
| 650 | _aTOMATE | ||
| 650 | _aCARACTERÍSTICAS AGRONÔMICAS | ||
| 650 | _aGENÓTIPO | ||
| 650 | _aBANCO DE GERMOPLASMA | ||
| 773 | 0 |
_tHorticultura Brasileira (Brazil) _xISSN 1806-9991 _g(Apr-Jun 2018), v. 36(2) p. 167-172 _wBR2019000189 |
|
| 856 | 4 | 0 | _uhttp://www.scielo.br/pdf/hb/v36n2/0102-0536-hb-36-02-167.pdf |
| 909 |
_a202311 _bLúcia _c55 _dLúcia Elande |
||
| 942 |
_2AGRIS _n0 _cANA |
||
| 999 |
_c255422 _d255422 |
||